000 01691nam a2200277Ia 4500
999 _c55888
_d55888
001 22986
003 GE_BSU
005 20230614160248.0
008 181216s ||||ge |||||||||||||| ||geo||
040 _cGE_BSU
041 _ageo
080 _a821.353.1(აგიოგრ.) ძ-49
245 _aძველი ქართული აგიოგრაფიული ლიტერატურის ძეგლები. წ. 6 /
_cტექსტი გამოსაც. მოამზადეს, გამოკვლევა, ლექსიკონი და საძიებელი დაურთეს ე. გაბიძაშვილმა და მ. ქავთარიამ ; რედ. მ. შანიძე.
264 _aთბილისი :
_b[?],
_c1980.
300 _a644 გვ. 26 სმ.
500 _aპარალ. სათ. რუს. ენაზე
500 _aსაძიებელი : გვ.630-642
520 _aპარალ. სათ. რუს. ენ.
541 _h8 ლ.
653 _aანტონ ბაგრატიონის (ანტონ I კათალიკოსის) მარტიროლოგიური კრებული "მარტირიკა
653 _aქართული ხელნაწერები
653 _aქართული ჰაგიოგრაფიული ლიტერატურა
653 _aძველი ქართული აგიოგრაფიული ლიტერატურის ძეგლები
700 _aშანიძე, მ.
_eრედაქტორი
_93725
942 _cBK
_2udc